| 000 | 00767nam a2200253 a 4500 | ||
|---|---|---|---|
| 001 | BRCA_8395 | ||
| 005 | 20190320210248.0 | ||
| 008 | 200115s2014----mx-a######---#000-0#spa-# | ||
| 020 | _a9786074453478 (Era) | ||
| 020 | _a9786077240846 (El Colegio Nacional) | ||
| 020 | _a9786075165011 (Conaculta) | ||
| 041 | _aspa | ||
| 044 | _amx | ||
| 050 | 4 |
_aNE546.R6 _b.V53 2014 |
|
| 245 | 1 | 0 |
_aVicente Rojo _bdiseño gráfico. |
| 250 | _a4 | ||
| 260 |
_aMéxico _bEdiciones Era : El Colegio Nacional : CONACULTA _c2014 |
||
| 300 |
_a175 p. _bil. a color _c26 cm. |
||
| 546 | _aTexto en: español e inglés | ||
| 600 | 1 | 4 |
_aRojo, Vicente _d1932- _921021 |
| 650 | 1 | 4 |
_aArtistas españoles _vBiografía _ySiglo XX _93382 |
| 650 | 1 | 4 |
_aDiseño gráfico _918020 |
| 942 |
_2lcc _cB |
||
| 999 |
_c8063 _d8063 |
||